[Event "Sachsen-ch Seniors"]
[Site "Dresden"]
[Date "2007.08.??"]
[Round "5"]
[White "Kahn, Peter"]
[Black "Hein, Burkhard"]
[Result "1/2-1/2"]
[WhiteElo "2116"]
[BlackElo "1871"]
[PlyCount "35"]
[EventDate "2007.07.28"]
[EventType "swiss"]
[EventRounds "9"]
[EventCountry "GER"]
[SourceTitle "EXT 2008"]
[Source "ChessBase"]
[SourceDate "2007.11.25"]
[SourceVersion "1"]
[SourceVersionDate "2007.11.25"]
[SourceQuality "1"]

1. d4 d5 2. Nf3 Nf6 3. e3 e6 4. Bd3 Be7 5. Nbd2 b6 6. Ne5 0-0 7. Qe2 Nfd7 8. 0-0 Nxe5 9. dxe5 c5 10. c3 a5 11. Nf3 Ba6 12. Rd1 Bxd3 13. Rxd3 Ra7 14. e4 Rd7 15. exd5 Rxd5 16. Rxd5 Qxd5 17. c4 Qd7 18. Be3 1/2-1/2

[Event "Berlin Eckbauer op 5th"]
[Site "Berlin"]
[Date "2002.11.18"]
[Round "7"]
[White "Hein, Burkhard"]
[Black "Derz, Claus"]
[Result "1-0"]
[WhiteElo "1949"]
[BlackElo "1707"]
[PlyCount "131"]
[EventDate "2002.10.??"]
[EventType "swiss"]
[EventRounds "7"]
[EventCountry "GER"]
[SourceTitle "EXT 2005"]
[Source "ChessBase"]
[SourceDate "2004.11.15"]
[SourceVersion "1"]
[SourceVersionDate "2004.11.15"]
[SourceQuality "1"]

1. e4 e5 2. Nf3 Nc6 3. Bb5 a6 4. Ba4 Nf6 5. d3 b5 6. Bb3 Be7 7. 0-0 0-0 8. Re1 d6 9. c3 Na5 10. Bc2 c5 11. Nbd2 Nc6 12. Nf1 h6 13. Ng3 Be6 14. Be3 Ng4 15. Bd2 Nf6 16. Qe2 Qd7 17. Red1 Bg4 18. h3 Be6 19. Be3 Qc7 20. Rdc1 c4 21. d4 exd4 22. Bxd4 Ne5 23. Nh4 Ng6 24. Nxg6 fxg6 25. e5 dxe5 26. Bxe5 Bd6 27. Bxd6 Qxd6 28. Bxg6 Bf7 29. Bxf7+ Rxf7 30. Rd1 Qc7 31. Rd4 Re8 32. Qd2 Nd7 33. Ne4 Ref8 34. Rd6 Qb7 35. Qd5 Qxd5 36. Rxd5 Nf6 37. Nxf6+ Rxf6 38. f3 Rg6 39. Kf2 Rff6 40. Rad1 Re6 41. h4 Rgf6 42. h5 Rf7 43. Rd8+ Rf8 44. Rxf8+ Kxf8 45. Rd4 Kf7 46. Re4 Rd6 47. Ke3 Rd3+ 48. Ke2 Rd5 49. g4 Rd6 50. Ke3 Rd3+ 51. Ke2 Rd6 52. Re5 Kf6 53. Rf5+ Ke7 54. Rf4 Ke6 55. Rd4 Rb6 56. Ke3 a5 57. Ke4 a4 58. a3 Kf6 59. Rd5 Re6+ 60. Kd4 Rb6 61. Kc5 Rb8 62. Kb4 Ke6 63. Rxb5 Rf8 64. Kxa4 Rxf3 65. Kb4 Rf4 66. a4 1-0

[Event "Berlin Eckbauer op 5th"]
[Site "Berlin"]
[Date "2002.10.28"]
[Round "4"]
[White "Warthmann, Stefan"]
[Black "Hein, Burkhard"]
[Result "1-0"]
[WhiteElo "1632"]
[BlackElo "1949"]
[PlyCount "169"]
[EventDate "2002.10.??"]
[EventType "swiss"]
[EventRounds "7"]
[EventCountry "GER"]
[SourceTitle "EXT 2005"]
[Source "ChessBase"]
[SourceDate "2004.11.15"]
[SourceVersion "1"]
[SourceVersionDate "2004.11.15"]
[SourceQuality "1"]

1. e4 Nf6 2. Nc3 d5 3. exd5 Nxd5 4. Bc4 e6 5. Nf3 Be7 6. 0-0 0-0 7. d3 a5 8. Re1 Nb6 9. Bf4 N8d7 10. Nb5 c6 11. Bc7 Qe8 12. Bxb6 Nxb6 13. Nc7 Qd8 14. Nxa8 Nxa8 15. a3 Qb6 16. Rb1 Qc5 17. Re5 Qa7 18. Qe1 b5 19. Bb3 a4 20. Ba2 Rd8 21. Ng5 Bf6 22. Nxe6 fxe6 23. Bxe6+ Bxe6 24. Rxe6 Qf7 25. Re2 Nb6 26. Qd2 Nd5 27. c3 h6 28. d4 Qg6 29. Qc2 Qg5 30. Qe4 Rf8 31. g3 Rf7 32. Qe8+ Rf8 33. Qxc6 Nf4 34. Re8 Be7 35. Rxf8+ Bxf8 36. Qe4 Nd5 37. h4 Qd8 38. Qe6+ Kh8 39. Re1 Nf6 40. Qf5 Nd5 41. Re5 Nc7 42. Kg2 Bd6 43. Re4 Qg8 44. Qd7 Qd5 45. f3 h5 46. Qd8+ Kh7 47. Qg5 Qf7 48. Qe3 Qg6 49. f4 Nd5 50. Qf3 Ne7 51. Re2 Nf5 52. Kh3 Nh6 53. d5 Qf5+ 54. Kg2 g6 55. Qe3 Qg4 56. Qa7+ Kg8 57. Re8+ Bf8 58. Qe7 Qf5 59. Qe6+ Kg7 60. Qxf5 Nxf5 61. Kf3 Kf7 62. Rb8 Nd6 63. g4 Bg7 64. gxh5 gxh5 65. f5 Kf6 66. Kf4 Bh6+ 67. Kf3 Kxf5 68. Rh8 Kg6 69. Rxh6+ Kxh6 70. Kf4 Kg6 71. Ke5 Nb7 72. d6 Kf7 73. Kd5 Nd8 74. Kc5 Ke6 75. d7 Kxd7 76. Kxb5 Nb7 77. c4 Nd6+ 78. Kb4 Kc6 79. c5 Ne4 80. Kxa4 Nxc5+ 81. Kb4 Nd3+ 82. Kc3 Ne5 83. Kd4 Nf3+ 84. Ke4 Nxh4 85. Kf4 1-0

[Event "Berlin Eckbauer op 4th"]
[Site "Berlin"]
[Date "2001.10.08"]
[Round "2"]
[White "Hein, Burkhard"]
[Black "Figura, Aleksandar"]
[Result "1-0"]
[WhiteElo "1957"]
[BlackElo "1576"]
[PlyCount "47"]
[EventDate "2001.10.??"]
[EventType "swiss"]
[EventRounds "7"]
[EventCountry "GER"]
[SourceTitle "EXT 2005"]
[Source "ChessBase"]
[SourceDate "2004.11.15"]
[SourceVersion "1"]
[SourceVersionDate "2004.11.15"]
[SourceQuality "1"]

1. e4 c5 2. Nf3 Nc6 3. d3 Nf6 4. c3 d6 5. h3 g6 6. Be3 Bg7 7. Be2 0-0 8. Na3 Bd7 9. Qd2 a6 10. Bh6 b5 11. Bxg7 Kxg7 12. Nc2 a5 13. Ne3 c4 14. Ng4 Rh8 15. Nxf6 exf6 16. dxc4 bxc4 17. Qxd6 Rb8 18. Bxc4 Rxb2 19. 0-0 Qc8 20. Bb3 Rd8 21. e5 fxe5 22. Nxe5 Bxh3 23. Qxc6 Qxc6 24. Nxc6 1-0

[Event "Berlin-ch Seniors op 17th"]
[Site "Berlin"]
[Date "2001.03.15"]
[Round "7"]
[White "Johannsen, Ingbert"]
[Black "Hein, Burkhard"]
[Result "1-0"]
[WhiteElo "2034"]
[BlackElo "1958"]
[PlyCount "107"]
[EventDate "2001.02.??"]
[EventType "swiss"]
[EventRounds "9"]
[EventCountry "GER"]
[SourceTitle "EXT 2006"]
[Source "ChessBase"]
[SourceDate "2005.11.24"]
[SourceVersion "1"]
[SourceVersionDate "2005.11.24"]
[SourceQuality "1"]

1. e4 e6 2. d4 d5 3. Nc3 Nc6 4. e5 Bd7 5. Nf3 Qe7 6. Bg5 f6 7. Bh4 Qf7 8. Be2 0-0-0 9. h3 Nge7 10. g4 Ng6 11. Bg3 fxe5 12. dxe5 Bb4 13. a3 Bxc3+ 14. bxc3 Qe7 15. h4 Qc5 16. Qd2 h6 17. 0-0 Be8 18. h5 Nf8 19. Rfb1 a6 20. Nd4 g6 21. hxg6 Bxg6 22. Nxc6 Qxc6 23. Rb4 Nd7 24. Rab1 Nc5 25. f3 Kd7 26. Bh4 Rdf8 27. Bf6 Rh7 28. c4 Ke8 29. cxd5 Qxd5 30. Rd4 Qc6 31. Rc4 b6 32. a4 h5 33. g5 Rd7 34. Rd4 Rxd4 35. Qxd4 Qd7 36. Qh4 Qxa4 37. Qxa4+ Nxa4 38. Bxa6 Nc5 39. Bb5+ Kf7 40. Bd3 Bxd3 41. cxd3 Nxd3 42. Rd1 Nc5 43. Kg2 Ra8 44. Rd4 b5 45. Kg3 Ra4 46. Rd8 b4 47. Kh4 Kg6 48. Rg8+ Kf7 49. Rg7+ Ke8 50. Rxc7 b3+ 51. Kxh5 b2 52. g6 b1Q 53. Re7+ Kd8 54. Rb7+ 1-0

[Event "Berlin-ch Seniors op 17th"]
[Site "Berlin"]
[Date "2001.02.15"]
[Round "2"]
[White "Hein, Burkhard"]
[Black "Wehr, Joachim"]
[Result "1-0"]
[WhiteElo "1958"]
[BlackElo "1620"]
[PlyCount "53"]
[EventDate "2001.02.??"]
[EventType "swiss"]
[EventRounds "9"]
[EventCountry "GER"]
[SourceTitle "EXT 2006"]
[Source "ChessBase"]
[SourceDate "2005.11.24"]
[SourceVersion "1"]
[SourceVersionDate "2005.11.24"]
[SourceQuality "1"]

1. e4 Nc6 2. d4 e5 3. dxe5 Nxe5 4. Nf3 Nxf3+ 5. Qxf3 Qf6 6. Qg3 d6 7. Nc3 Qd8 8. Be3 a6 9. Be2 Ne7 10. h4 Be6 11. Rd1 Qd7 12. h5 f6 13. Qf3 h6 14. 0-0 Nc6 15. Qg3 0-0-0 16. Bf4 Qf7 17. b3 Rg8 18. Nd5 Ne5 19. Bd2 Bxd5 20. exd5 g6 21. f4 gxh5 22. Qf2 Nd7 23. Qa7 Qg6 24. Rf2 Qxc2 25. Be3 Nc5 26. Bg4+ f5 27. Rxc2 1-0

[Event "Berlin-ch Seniors op 17th"]
[Site "Berlin"]
[Date "2001.02.10"]
[Round "1"]
[White "Augustat, Siegfried"]
[Black "Hein, Burkhard"]
[Result "1/2-1/2"]
[WhiteElo "1852"]
[BlackElo "1958"]
[PlyCount "25"]
[EventDate "2001.02.??"]
[EventType "swiss"]
[EventRounds "9"]
[EventCountry "GER"]
[SourceTitle "EXT 2006"]
[Source "ChessBase"]
[SourceDate "2005.11.24"]
[SourceVersion "1"]
[SourceVersionDate "2005.11.24"]
[SourceQuality "1"]

1. e4 Nf6 2. Nc3 d5 3. exd5 Nxd5 4. Nf3 Bg4 5. Nxd5 Qxd5 6. Be2 Nc6 7. d4 e6 8. 0-0 Be7 9. Bf4 Qd7 10. c3 0-0 11. Ne5 Nxe5 12. Bxe5 Bxe2 13. Qxe2 1/2-1/2